[Event "Krefeld op"]
[Site "Krefeld"]
[Date "2023.08.05"]
[Round "6"]
[White "Brandt, Greta"]
[Black "Lueersen, Lukas"]
[Result "0-1"]
[WhiteElo "1415"]
[BlackElo "1710"]
[PlyCount "106"]
[EventDate "2023.08.02"]
[EventType "swiss"]
[EventRounds "9"]
[EventCountry "GER"]
[SourceTitle "CBM 215 Extra"]
[Source "ChessBase"]
[SourceDate "2023.09.30"]
[SourceVersion "1"]
[SourceVersionDate "2023.09.30"]
[SourceQuality "1"]

1. Nf3 c5 2. g3 Nc6 3. d4 cxd4 4. Nxd4 g6 5. Bg2 Bg7 6. Nb3 Nf6 7. 0-0 0-0 8. c4 b6 9. Nc3 Bb7 10. Be3 Rc8 11. Rc1 Ba8 12. Nd2 Ng4 13. Qa4 Nxe3 14. fxe3 Ne5 15. Qxa7 Bh6 16. Nd1 Bxg2 17. Kxg2 Ra8 18. Qb7 Rxa2 19. Nf3 Nc6 20. c5 bxc5 21. Rxc5 Ra7 22. Qb3 Qb8 23. Rb5 Qa8 24. Nf2 Rb8 25. Rxb8+ Qxb8 26. Qxb8+ Nxb8 27. Ng4 Bg7 28. Nd4 h5 29. Nf2 Bh6 30. e4 Bg7 31. Rc1 Bxd4 32. Rc8+ Kg7 33. Rxb8 Kf6 34. Nd3 Ra1 35. b4 g5 36. Kh3 Rh1 37. Kg2 Rg1+ 38. Kh3 Kg6 39. Rg8+ Kh6 40. e5 f6 41. Rh8+ Kg6 42. Rg8+ Kf5 43. Rf8 g4+ 44. Kh4 Rh1 45. e4+ Kxe4 46. Kxh5 Rxh2+ 47. Kxg4 Kxd3 48. exf6 Bxf6 49. b5 Rh8 50. Rxh8 Bxh8 51. b6 Ke4 52. Kh3 Kd5 53. g4 Kc6 0-1

[Event "Krefeld op"]
[Site "Krefeld"]
[Date "2023.08.02"]
[Round "1"]
[White "Krosenbrink, Marcel"]
[Black "Brandt, Greta"]
[Result "1/2-1/2"]
[WhiteElo "1880"]
[BlackElo "1415"]
[PlyCount "61"]
[EventDate "2023.08.02"]
[EventType "swiss"]
[EventRounds "9"]
[EventCountry "GER"]
[SourceTitle "CBM 215 Extra"]
[Source "ChessBase"]
[SourceDate "2023.09.30"]
[SourceVersion "1"]
[SourceVersionDate "2023.09.30"]
[SourceQuality "1"]

1. e4 e6 2. d4 d5 3. Nc3 Nf6 4. exd5 exd5 5. Bd3 Bb4 6. a3 Bxc3+ 7. bxc3 0-0 8. h3 Nc6 9. Qf3 Re8+ 10. Ne2 Ne4 11. 0-0 Qd7 12. c4 Na5 13. cxd5 Qxd5 14. Nf4 Qxd4 15. Be3 Qe5 16. Rab1 Bd7 17. Rfe1 f5 18. Ne2 Bc6 19. Qf4 Qxf4 20. Bxf4 Rac8 21. f3 Nd6 22. Bxd6 cxd6 23. Bxf5 Rc7 24. Nd4 Rce7 25. Rxe7 Rxe7 26. Kf2 g6 27. Nxc6 Nxc6 28. Be4 Na5 29. Rd1 Rd7 30. Bd5+ Kg7 31. Rd2 1/2-1/2

[Event "GER-ch U25-B"]
[Site "Willingen"]
[Date "2023.05.31"]
[Round "5"]
[White "Schirmer, Sara"]
[Black "Brandt, Greta"]
[Result "1/2-1/2"]
[WhiteElo "1406"]
[BlackElo "1444"]
[PlyCount "79"]
[EventDate "2023.05.27"]
[EventType "swiss"]
[EventRounds "9"]
[EventCountry "GER"]
[SourceTitle "CBM 214 Extra"]
[Source "ChessBase"]
[SourceDate "2023.07.31"]
[SourceVersion "1"]
[SourceVersionDate "2023.07.31"]
[SourceQuality "1"]

1. e4 d5 2. exd5 Nf6 3. Nc3 Nxd5 4. Nxd5 Qxd5 5. c4 Qe4+ 6. Qe2 Bf5 7. d3 Qxe2+ 8. Bxe2 c5 9. Be3 e6 10. 0-0-0 Nc6 11. Nf3 Be7 12. h3 Rd8 13. a3 a6 14. g4 Bg6 15. Bf4 b5 16. Ne5 Nxe5 17. Bxe5 f6 18. Bc7 Rc8 19. Bf4 e5 20. Be3 Bd6 21. Rhf1 0-0 22. f4 Bf7 23. f5 Rfe8 24. Rf2 Re7 25. g5 fxg5 26. Bxg5 Rb7 27. Rg2 Kf8 28. Rg4 a5 29. Kc2 Rcb8 30. Bd2 bxc4 31. dxc4 Rxb2+ 32. Kc1 Rb1+ 33. Kc2 R8b2+ 34. Kd3 Rb3+ 35. Bc3 Rxd1+ 36. Bxd1 Rb8 37. a4 Bc7 38. Re4 Rd8+ 39. Kc2 Re8 40. Kd3 1/2-1/2

[Event "GER-ch U25-B"]
[Site "Willingen"]
[Date "2023.05.29"]
[Round "3"]
[White "Junge, Julia Marie"]
[Black "Brandt, Greta"]
[Result "1-0"]
[WhiteElo "1367"]
[BlackElo "1444"]
[PlyCount "59"]
[EventDate "2023.05.27"]
[EventType "swiss"]
[EventRounds "9"]
[EventCountry "GER"]
[SourceTitle "CBM 214 Extra"]
[Source "ChessBase"]
[SourceDate "2023.07.31"]
[SourceVersion "1"]
[SourceVersionDate "2023.07.31"]
[SourceQuality "1"]

1. e4 e6 2. Nf3 d5 3. exd5 exd5 4. d4 Nc6 5. Bb5 Bd7 6. 0-0 Bd6 7. c3 Nge7 8. Bg5 f6 9. Bh4 0-0 10. Nbd2 Nf5 11. Qb3 Nce7 12. Bd3 Nxh4 13. Nxh4 Qc8 14. Qc2 f5 15. f4 c6 16. c4 dxc4 17. Nxc4 Bc7 18. Rae1 Nd5 19. Ne3 Nxe3 20. Rxe3 Bb6 21. Bc4+ Rf7 22. Bxf7+ Kxf7 23. Rfe1 Kf8 24. Qc4 c5 25. Re7 Be6 26. R1xe6 cxd4 27. Rf6+ Kxe7 28. Qf7+ Kd8 29. Rd6+ Qd7 30. Qxd7# 1-0

[Event "GER-chT U16 Girls"]
[Site "Neumuenster"]
[Date "2022.12.28"]
[Round "4"]
[White "Claussen, Daniela"]
[Black "Brandt, Greta"]
[Result "0-1"]
[WhiteElo "1052"]
[BlackElo "1392"]
[PlyCount "36"]
[EventDate "2022.12.26"]
[EventType "team-swiss"]
[EventRounds "7"]
[EventCountry "GER"]
[SourceTitle "CBM 212 Extra"]
[Source "ChessBase"]
[SourceDate "2023.03.31"]
[SourceVersion "1"]
[SourceVersionDate "2023.03.31"]
[SourceQuality "1"]
[WhiteTeam "Essen Werden"]
[BlackTeam "Porz SG II"]
[WhiteTeamCountry "GER"]
[BlackTeamCountry "GER"]

1. e3 e5 2. b3 Nf6 3. Bb2 Nc6 4. Bb5 Bd6 5. Bxc6 dxc6 6. d3 e4 7. dxe4 Nxe4 8. Nf3 Bb4+ 9. Nbd2 Bxd2+ 10. Nxd2 Bg4 11. f3 Qh4+ 12. g3 Nxg3 13. Rg1 Nf5+ 14. Ke2 Qxh2+ 15. Kd3 Rd8+ 16. Ke4 Nd6+ 17. Kd3 Nb5+ 18. Ke4 f5# 0-1

[Event "GER-ch U14 Girls"]
[Site "Willingen"]
[Date "2022.06.07"]
[Round "4"]
[White "Brandt, Greta"]
[Black "Ottlik, Marie"]
[Result "0-1"]
[WhiteElo "1413"]
[BlackElo "1442"]
[PlyCount "56"]
[EventDate "2022.06.04"]
[EventType "swiss"]
[EventRounds "9"]
[EventCountry "GER"]
[SourceTitle "CBM 208 Extra"]
[Source "ChessBase"]
[SourceDate "2022.07.31"]
[SourceVersion "1"]
[SourceVersionDate "2022.07.31"]
[SourceQuality "1"]

1. c4 c5 2. Nc3 Nf6 3. g3 d5 4. cxd5 Nxd5 5. Bg2 Nc7 6. d3 e5 7. Nf3 Nc6 8. 0-0 Be7 9. a3 0-0 10. Nd2 Bd7 11. Nc4 f6 12. Qb3 Kh8 13. h3 Rb8 14. Kh2 Nd4 15. Qd1 b6 16. e3 Ndb5 17. Bd2 Bf5 18. e4 Be6 19. Nxb5 Nxb5 20. Be3 Nd4 21. f4 Nc6 22. fxe5 fxe5 23. Rxf8+ Qxf8 24. Qh5 Qf7 25. Qxf7 Bxf7 26. Rf1 Be6 27. Rf2 Rd8 28. Rd2 b5 0-1